000 00267nam a22001217a 4500
008 180131b xxu||||| |||| 00| 0 eng d
041 _aeng
080 _a33
100 _a52
101 _aeco
245 _aeconomic history of europe
_cherbert.h
942 _2udc
_cBK
999 _c41420
_d41420